Loading...
Science - Biology | 1 | 4 | 1 | 2 | 50 | 57 | 101.20 | 0 | 4 |
Auditory Arts | 0 | 2 | 0 | 1 | 20 | 104 | 119.50 | 0 | 0 |
Literature - British Literature | 0 | 2 | 0 | 1 | 20 | 90 | 115.50 | 0 | 2 |
Social Science | 0 | 2 | 0 | 0 | 20 | 95 | 100.50 | 0 | 2 |
History - European History | 0 | 1 | 0 | 0 | 10 | 78 | 78.00 | 0 | 1 |
History - Other History | 0 | 1 | 0 | 0 | 10 | 106 | 106.00 | 0 | 1 |
Science - Chemistry | 0 | 1 | 0 | 1 | 10 | 130 | 130.00 | 0 | 1 |
Science - Other Science | 0 | 1 | 0 | 0 | 10 | 70 | 70.00 | 1 | 1 |
Geography | 0 | 1 | 0 | 0 | 10 | 113 | 113.00 | 0 | 1 |
History - American History | 0 | 1 | 0 | 1 | 10 | 115 | 115.00 | 0 | 0 |
Visual Arts | 0 | 1 | 0 | 1 | 10 | 138 | 138.00 | 0 | 1 |
Literature - American Literature | 0 | 0 | 0 | 0 | 0 | 0.00 | 0 | 0 | |
Science - Physics | 0 | 1 | 2 | 0 | 0 | 130 | 130.00 | 0 | 0 |
Literature - European Literature | 0 | 0 | 0 | 0 | 0 | 0.00 | 0 | 0 | |
Beliefs | 0 | 0 | 0 | 0 | 0 | 0.00 | 0 | 0 |